The Great Lakes, or Inland seas of America; (Record no. 52162)
[ view plain ]
| 000 -LEADER | |
|---|---|
| fixed length control field | 01024cam a22002051 4500 |
| 001 - CONTROL NUMBER | |
| control field | rc 01001707 |
| 003 - CONTROL NUMBER IDENTIFIER | |
| control field | DLC |
| 005 - DATE AND TIME OF LATEST TRANSACTION | |
| control field | 20260227111904.0 |
| 008 - FIXED-LENGTH DATA ELEMENTS--GENERAL INFORMATION | |
| fixed length control field | 790402s1871 xx 000 0 eng |
| 010 ## - LIBRARY OF CONGRESS CONTROL NUMBER | |
| LC control number | rc 01001707 |
| 035 ## - SYSTEM CONTROL NUMBER | |
| System control number | (OCoLC)4813812 |
| 040 ## - CATALOGING SOURCE | |
| Original cataloging agency | DLC |
| Transcribing agency | OCl |
| Modifying agency | DLC |
| 050 00 - LIBRARY OF CONGRESS CALL NUMBER | |
| Classification number | F551 |
| Item number | .D64 |
| 100 1# - MAIN ENTRY--PERSONAL NAME | |
| Personal name | Disturnell, John, |
| Dates associated with a name | 1801-1877, |
| Relator term | comp. |
| 245 04 - TITLE STATEMENT | |
| Title | The Great Lakes, or Inland seas of America; |
| Remainder of title | embracing a full description of Lakes Superior, Huron, Michigan, Erie, and Ontario; rivers St. Mary, St. Clair, Detroit, Niagara, and St. Lawrence; commerce of the lakes, etc., etc. together with a guide to the upper Mississippi River, giving a description of cities, towns, etc. Forming altogether a complete guide for the pleasure traveler & emigrant. |
| Statement of responsibility, etc. | Compiled by J. Disturnell. |
| 260 ## - PUBLICATION, DISTRIBUTION, ETC. | |
| Place of publication, distribution, etc. | Philadelphia, |
| Name of publisher, distributor, etc. | W.B. Zieber, |
| Date of publication, distribution, etc. | 1871. |
| 300 ## - PHYSICAL DESCRIPTION | |
| Extent | 256, [4] p. |
| Other physical details | front., illus., plates, fold. maps. |
| Dimensions | 16 cm. |
| 500 ## - GENERAL NOTE | |
| General note | Includes advertising matter. |
| 651 #0 - SUBJECT ADDED ENTRY--GEOGRAPHIC NAME | |
| Geographic name | Great Lakes Region (North America) |
| Form subdivision | Guidebooks. |
No items available.